{"text_format":"3","workbook":"xlsx","n_sheets":1,"sheets":["t382"],"read":"whole","date_system":"1900"}

{"sheet":"t382","index":0,"n_rows":167,"n_cols":7,"rows_kept":167,"merged":[[0,0,0,6],[30,0,30,5],[48,0,48,5],[144,0,144,5]]}
["TABELA 382.1 - Estatísticas Agrícolas, Município de Orindiúva, Estado de São Paulo, 2007/08."]
["ITEM","UNIDADE","N.DE UPAs","MÍNIMO","MÉDIO","MÁXIMO","TOTAL"]
["Distância à sede do município","km",202,0.1,{"v":6.43,"d":"6.4"},{"v":18,"d":"18.0"},"-"]
["Área total","hectare",202,0.9,119.1,{"v":2606.7,"d":"2,606.7"},{"v":24057.8,"d":"24,057.8"}]
["Área com cultura perene","hectare",26,0.1,16.5,263.4,429.1]
["Área com cultura temporária","hectare",180,{"v":1,"d":"1.0"},{"v":91.98,"d":"92.0"},{"v":1939.9,"d":"1,939.9"},{"v":16556.1,"d":"16,556.1"}]
["Área com pastagem","hectare",114,0.1,{"v":20.91,"d":"20.9"},167.7,{"v":2384.2,"d":"2,384.2"}]
["Área com reflorestamento","hectare",2,0.1,{"v":0.15,"d":"0.2"},0.2,0.3]
["Área com vegetação natural","hectare",108,0.1,{"v":16.27,"d":"16.3"},258.8,{"v":1757.6,"d":"1,757.6"}]
["Área com vegetação de brejo e várzea","hectare",157,0.1,{"v":13.75,"d":"13.8"},380.9,{"v":2159.4,"d":"2,159.4"}]
["Área em descanso","hectare","-","-","-","-",{"v":0,"d":"0.0"}]
["Área complementar","hectare",201,0.1,{"v":3.84,"d":"3.8"},{"v":82,"d":"82.0"},771.1]
["Área das UPAs com (0, 1] ha","hectare",1,0.9,0.9,0.9,0.9]
["Área das UPAs com (1, 2] ha","hectare",4,1.2,{"v":1.55,"d":"1.6"},{"v":2,"d":"2.0"},6.2]
["Área das UPAs com (2, 5] ha","hectare",12,2.3,{"v":3.75,"d":"3.8"},4.8,{"v":45,"d":"45.0"}]
["Área das UPAs com (5, 10] ha","hectare",9,{"v":6,"d":"6.0"},{"v":7.58,"d":"7.6"},9.6,68.2]
["Área das UPAs com (10, 20] ha","hectare",25,10.2,{"v":14.91,"d":"14.9"},19.4,372.7]
["Área das UPAs com (20, 50] ha","hectare",62,20.5,{"v":34.07,"d":"34.1"},48.4,{"v":2112.3,"d":"2,112.3"}]
["Área das UPAs com (50, 100] ha","hectare",34,50.8,{"v":73.48,"d":"73.5"},{"v":100,"d":"100.0"},{"v":2498.2,"d":"2,498.2"}]
["Área das UPAs com (100, 200] ha","hectare",28,100.4,{"v":141.99,"d":"142.0"},181.4,{"v":3975.7,"d":"3,975.7"}]
["Área das UPAs com (200, 500] ha","hectare",18,{"v":209,"d":"209.0"},{"v":339.89,"d":"339.9"},484.4,{"v":6118.1,"d":"6,118.1"}]
["Área das UPAs com (500, 1.000] ha","hectare",7,{"v":508,"d":"508.0"},652.3,733.7,{"v":4566.1,"d":"4,566.1"}]
["Área das UPAs com (1.000, 2.000] ha","hectare",1,{"v":1687.7,"d":"1,687.7"},{"v":1687.7,"d":"1,687.7"},{"v":1687.7,"d":"1,687.7"},{"v":1687.7,"d":"1,687.7"}]
["Área das UPAs com (2.000, 5.000] ha","hectare",1,{"v":2606.7,"d":"2,606.7"},{"v":2606.7,"d":"2,606.7"},{"v":2606.7,"d":"2,606.7"},{"v":2606.7,"d":"2,606.7"}]
["Área das UPAs com (5.000, 10.000] ha","hectare","-","-","-","-","-"]
["Área das UPAs acima de 10.000 ha","hectare","-","-","-","-","-"]
["Familiares do proprietário que trabalham na UPA","unidade",129,{"v":1,"d":"1.0"},{"v":1.47,"d":"1.5"},{"v":5,"d":"5.0"},{"v":189,"d":"189.0"}]
["Trabalhadores permanentes","unidade",41,{"v":1,"d":"1.0"},{"v":1.49,"d":"1.5"},{"v":11,"d":"11.0"},{"v":61,"d":"61.0"}]
["Fonte: Secretaria de Agricultura e Abastecimento, CDRS/IEA, Projeto LUPA."]
[]
["TABELA 382.2 - Explorações Animais, Município de Orindiúva, Estado de São Paulo, 2007/08."]
["ITEM","UNIDADE","N.DE UPAs","MÍNIMO","MÉDIO","MÁXIMO","TOTAL"]
["Asininos E Muares","cabeças",5,{"v":1,"d":"1.0"},1.4,{"v":2,"d":"2.0"},{"v":7,"d":"7.0"}]
["Avicultura de Corte","cabeças/ano",81,{"v":3,"d":"3.0"},37.2,{"v":85,"d":"85.0"},{"v":3013,"d":"3,013.0"}]
["Avicultura Ornamental/Decorativa/Exótica","cabeças",4,{"v":19,"d":"19.0"},{"v":27.25,"d":"27.3"},{"v":40,"d":"40.0"},{"v":109,"d":"109.0"}]
["Avicultura para Ovos","cabeças",81,{"v":2,"d":"2.0"},{"v":24.88,"d":"24.9"},{"v":100,"d":"100.0"},{"v":2015,"d":"2,015.0"}]
["Bovinocultura de Corte","cabeças",12,{"v":2,"d":"2.0"},{"v":69.33,"d":"69.3"},{"v":320,"d":"320.0"},{"v":832,"d":"832.0"}]
["Bovinocultura Leiteira","cabeças",65,{"v":1,"d":"1.0"},{"v":12.54,"d":"12.5"},{"v":80,"d":"80.0"},{"v":815,"d":"815.0"}]
["Bovinocultura Mista","cabeças",84,{"v":1,"d":"1.0"},{"v":30.04,"d":"30.0"},{"v":184,"d":"184.0"},{"v":2523,"d":"2,523.0"}]
["Bubalinocultura","cabeças",2,{"v":2,"d":"2.0"},{"v":3,"d":"3.0"},{"v":4,"d":"4.0"},{"v":6,"d":"6.0"}]
["Caprinocultura","cabeças",1,{"v":30,"d":"30.0"},{"v":30,"d":"30.0"},{"v":30,"d":"30.0"},{"v":30,"d":"30.0"}]
["Equinocultura","cabeças",72,{"v":1,"d":"1.0"},{"v":3.31,"d":"3.3"},{"v":38,"d":"38.0"},{"v":238,"d":"238.0"}]
["Outra Exploração Animal","cabeças",1,{"v":30,"d":"30.0"},{"v":30,"d":"30.0"},{"v":30,"d":"30.0"},{"v":30,"d":"30.0"}]
["Ovinocultura","cabeças",17,{"v":2,"d":"2.0"},{"v":20.94,"d":"20.9"},{"v":80,"d":"80.0"},{"v":356,"d":"356.0"}]
["Sericicultura","gramas larvas/ano",1,{"v":6,"d":"6.0"},{"v":6,"d":"6.0"},{"v":6,"d":"6.0"},{"v":6,"d":"6.0"}]
["Suinocultura","cabeças",55,{"v":2,"d":"2.0"},{"v":12.13,"d":"12.1"},{"v":50,"d":"50.0"},{"v":667,"d":"667.0"}]
["Fonte: Secretaria de Agricultura e Abastecimento, CDRS/IEA, Projeto LUPA."]
[]
["TABELA 382.3 -  Máquinas, Implementos e Benfeitorias, Município de Orindiúva, Estado de São Paulo, 2007/08."]
["ITEM","UNIDADE","N.DE UPAs","MÍNIMO","MÉDIO","MÁXIMO","TOTAL"]
["Arado Comum (Bacia, Aiveca)","Unidade",37,{"v":1,"d":"1.0"},{"v":1.24,"d":"1.2"},{"v":4,"d":"4.0"},{"v":46,"d":"46.0"}]
["Arado Escarificador","Unidade",3,{"v":1,"d":"1.0"},{"v":1.33,"d":"1.3"},{"v":2,"d":"2.0"},{"v":4,"d":"4.0"}]
["Arado Subsolador","Unidade",17,{"v":1,"d":"1.0"},{"v":2.24,"d":"2.2"},{"v":20,"d":"20.0"},{"v":38,"d":"38.0"}]
["Carregadeira de Cana","Unidade",7,{"v":1,"d":"1.0"},{"v":4,"d":"4.0"},{"v":21,"d":"21.0"},{"v":28,"d":"28.0"}]
["Colhedeira Acoplada","Unidade",1,{"v":1,"d":"1.0"},{"v":1,"d":"1.0"},{"v":1,"d":"1.0"},{"v":1,"d":"1.0"}]
["Colhedeira Automotriz","Unidade",2,{"v":1,"d":"1.0"},14.5,{"v":28,"d":"28.0"},{"v":29,"d":"29.0"}]
["Computador","Unidade",6,{"v":1,"d":"1.0"},{"v":3.33,"d":"3.3"},{"v":15,"d":"15.0"},{"v":20,"d":"20.0"}]
["Conj.Irrigação Autopropelido","Unidade",5,{"v":1,"d":"1.0"},1.8,{"v":5,"d":"5.0"},{"v":9,"d":"9.0"}]
["Conj.Irrigação Convencional","Unidade",13,{"v":1,"d":"1.0"},{"v":1,"d":"1.0"},{"v":1,"d":"1.0"},{"v":13,"d":"13.0"}]
["Conj.Irrigação Pivot Central","Unidade",1,{"v":1,"d":"1.0"},{"v":1,"d":"1.0"},{"v":1,"d":"1.0"},{"v":1,"d":"1.0"}]
["Conj.Irrigação/Gotejamento/Microaspersão","Unidade",5,{"v":1,"d":"1.0"},{"v":1,"d":"1.0"},{"v":1,"d":"1.0"},{"v":5,"d":"5.0"}]
["Desintegrador, Picador, Triturador","Unidade",68,{"v":1,"d":"1.0"},{"v":1.03,"d":"1.0"},{"v":2,"d":"2.0"},{"v":70,"d":"70.0"}]
["Distribuidor de Calcário","Unidade",19,{"v":1,"d":"1.0"},{"v":1.68,"d":"1.7"},{"v":13,"d":"13.0"},{"v":32,"d":"32.0"}]
["Ensiladeira","Unidade",8,{"v":1,"d":"1.0"},{"v":1,"d":"1.0"},{"v":1,"d":"1.0"},{"v":8,"d":"8.0"}]
["Grade Aradora (Tipo Romi)","Unidade",22,{"v":1,"d":"1.0"},{"v":1.36,"d":"1.4"},{"v":7,"d":"7.0"},{"v":30,"d":"30.0"}]
["Grade Niveladora","Unidade",37,{"v":1,"d":"1.0"},{"v":1.46,"d":"1.5"},{"v":14,"d":"14.0"},{"v":54,"d":"54.0"}]
["Ordenhadeira Mecânica","Unidade",6,{"v":1,"d":"1.0"},{"v":1,"d":"1.0"},{"v":1,"d":"1.0"},{"v":6,"d":"6.0"}]
["Pulverizador Tratorizado","Unidade",26,{"v":1,"d":"1.0"},{"v":1.58,"d":"1.6"},{"v":4,"d":"4.0"},{"v":41,"d":"41.0"}]
["Resfriador de Leite, Tanque Expansão","Unidade",5,{"v":1,"d":"1.0"},{"v":1,"d":"1.0"},{"v":1,"d":"1.0"},{"v":5,"d":"5.0"}]
["Semeadeira/Adubadeira para Plantio Convencional","Unidade",22,{"v":1,"d":"1.0"},{"v":1.45,"d":"1.5"},{"v":6,"d":"6.0"},{"v":32,"d":"32.0"}]
["Semeadeira/Plantadeira Plantio Direto","Unidade",3,{"v":1,"d":"1.0"},{"v":1,"d":"1.0"},{"v":1,"d":"1.0"},{"v":3,"d":"3.0"}]
["Terraceador","Unidade",8,{"v":1,"d":"1.0"},1.5,{"v":4,"d":"4.0"},{"v":12,"d":"12.0"}]
["Trator de Esteiras","Unidade",2,{"v":1,"d":"1.0"},{"v":2,"d":"2.0"},{"v":3,"d":"3.0"},{"v":4,"d":"4.0"}]
["Trator de Pneus","Unidade",50,{"v":1,"d":"1.0"},{"v":4.62,"d":"4.6"},{"v":133,"d":"133.0"},{"v":231,"d":"231.0"}]
["Açude/Represa","Unidade",37,{"v":1,"d":"1.0"},{"v":1.59,"d":"1.6"},{"v":5,"d":"5.0"},{"v":59,"d":"59.0"}]
["Almoxarifado/Oficina","Unidade",1,{"v":2,"d":"2.0"},{"v":2,"d":"2.0"},{"v":2,"d":"2.0"},{"v":2,"d":"2.0"}]
["Armazém para Grãos Ensacados","Sacas",5,{"v":1,"d":"1.0"},1.6,{"v":4,"d":"4.0"},{"v":8,"d":"8.0"}]
["Balança para Bovinos","Unidade",4,{"v":1,"d":"1.0"},{"v":1,"d":"1.0"},{"v":1,"d":"1.0"},{"v":4,"d":"4.0"}]
["Balança para Veículos","Unidade",1,{"v":3,"d":"3.0"},{"v":3,"d":"3.0"},{"v":3,"d":"3.0"},{"v":3,"d":"3.0"}]
["Barracão/Galpão/Garagem","Unidade",42,{"v":1,"d":"1.0"},{"v":1.14,"d":"1.1"},{"v":3,"d":"3.0"},{"v":48,"d":"48.0"}]
["Casa de Moradia Habitada","Unidade",100,{"v":1,"d":"1.0"},{"v":1.45,"d":"1.5"},{"v":6,"d":"6.0"},{"v":145,"d":"145.0"}]
["Casa de Moradia Total","Unidade",114,{"v":1,"d":"1.0"},{"v":1.68,"d":"1.7"},{"v":6,"d":"6.0"},{"v":191,"d":"191.0"}]
["Curral/Mangueira","Unidade",86,{"v":1,"d":"1.0"},{"v":1.03,"d":"1.0"},{"v":2,"d":"2.0"},{"v":89,"d":"89.0"}]
["Depósito/Tulha","Unidade",65,{"v":1,"d":"1.0"},{"v":1.02,"d":"1.0"},{"v":2,"d":"2.0"},{"v":66,"d":"66.0"}]
["Estábulo","Unidade",2,{"v":1,"d":"1.0"},{"v":1,"d":"1.0"},{"v":1,"d":"1.0"},{"v":2,"d":"2.0"}]
["Estufa/Plasticultura","m²",2,{"v":1,"d":"1.0"},1.5,{"v":2,"d":"2.0"},{"v":3,"d":"3.0"}]
["Instalações para Equinos","Unidade",2,{"v":1,"d":"1.0"},{"v":1,"d":"1.0"},{"v":1,"d":"1.0"},{"v":2,"d":"2.0"}]
["Máquina de Benefício","Unidade",3,{"v":1,"d":"1.0"},{"v":1,"d":"1.0"},{"v":1,"d":"1.0"},{"v":3,"d":"3.0"}]
["Packing House","Unidade",3,{"v":1,"d":"1.0"},{"v":1,"d":"1.0"},{"v":1,"d":"1.0"},{"v":3,"d":"3.0"}]
["Pocilga","Unidade",65,{"v":1,"d":"1.0"},{"v":1.06,"d":"1.1"},{"v":2,"d":"2.0"},{"v":69,"d":"69.0"}]
["Poço Semi-Artesiano","Unidade",40,{"v":1,"d":"1.0"},1.2,{"v":3,"d":"3.0"},{"v":48,"d":"48.0"}]
["Silo para Silagem","t",14,{"v":1,"d":"1.0"},4.5,{"v":50,"d":"50.0"},{"v":63,"d":"63.0"}]
["Usina de Açúcar/destilaria","Unidade",1,{"v":1,"d":"1.0"},{"v":1,"d":"1.0"},{"v":1,"d":"1.0"},{"v":1,"d":"1.0"}]
["Fonte: Secretaria de Agricultura e Abastecimento, CDRS/IEA, Projeto LUPA."]
[]
["TABELA 382.4 - Outras Estatísticas Agrícolas, Município de Orindiúva, Estado de São Paulo, 2007/08."]
["ITEM","Número de UPAs",null,"Percentual"]
["Faz Parte de Associação de Produtores",97,null,{"v":48.01980198019802,"d":"48.0"}]
["Faz Parte de Cooperativa de Produtores",109,null,{"v":53.96039603960396,"d":"54.0"}]
["Faz Parte do Sindicato de Produtores",33,null,{"v":16.336633663366335,"d":"16.3"}]
["Não utiliza assistência técnica ",1,null,{"v":0.49504950495049505,"d":"0.5"}]
["Utiliza somente assistência técnica governamental ",19,null,{"v":9.405940594059405,"d":"9.4"}]
["Utiliza somente assistência técnica privada ",117,null,{"v":57.92079207920792,"d":"57.9"}]
["Utiliza assistência técnica tanto governamental quanto privada",65,null,{"v":32.17821782178218,"d":"32.2"}]
["Utiliza Crédito Rural",86,null,{"v":42.57425742574257,"d":"42.6"}]
["Utiliza Seguro Rural",28,null,{"v":13.861386138613861,"d":"13.9"}]
["Utiliza Escrituração Agrícola",166,null,{"v":82.17821782178217,"d":"82.2"}]
["Acessa Internet p/ Fins na Agropecuária",2,null,{"v":0.9900990099009901,"d":"1.0"}]
["Utiliza Computador nas Atividades Agropecuárias",3,null,{"v":1.4851485148514851,"d":"1.5"}]
["Utiliza Energia Elétrica Para Uso na Atividade Agrícola",128,null,{"v":63.366336633663366,"d":"63.4"}]
["Realiza Análise de Solo, quando necessário",177,null,{"v":87.62376237623762,"d":"87.6"}]
["Utiliza Práticas de Conservação de Solo, quando necessário",200,null,{"v":99.009900990099,"d":"99.0"}]
["Faz Adubação Mineral, quando necessário",185,null,{"v":91.58415841584159,"d":"91.6"}]
["Faz Adubação Orgânica, quando necessário",17,null,{"v":8.415841584158416,"d":"8.4"}]
["Faz Adubação Verde, quando necessário",9,null,{"v":4.455445544554455,"d":"4.5"}]
["Utiliza Manejo Integrado de Pragas (MIP)",1,null,{"v":0.49504950495049505,"d":"0.5"}]
["Utiliza Hidroponia","-",null,"-"]
["Utiliza Plasticultura","-",null,"-"]
["Utiliza Mudas Fiscalizadas",157,null,{"v":77.72277227722772,"d":"77.7"}]
["Utiliza Semente Melhorada",86,null,{"v":42.57425742574257,"d":"42.6"}]
["Faz Confinamento de Bovinos",3,null,{"v":1.4851485148514851,"d":"1.5"}]
["Utiliza Pastejo Intensivo",1,null,{"v":0.49504950495049505,"d":"0.5"}]
["Faz Inseminação Artificial","-",null,"-"]
["Faz Mineralização do Rebanho",90,null,{"v":44.55445544554455,"d":"44.6"}]
["Faz Vermifugação do Rebanho",91,null,{"v":45.04950495049505,"d":"45.0"}]
["Possui Parceiros /Arrendatários na Exploração Animal",27,null,{"v":13.366336633663366,"d":"13.4"}]
["Esporte e lazer","-",null,"-"]
["Extração mineral","-",null,"-"]
["Hotel Fazenda, Pousada ou SPA","-",null,"-"]
["Pesque-pague","-",null,"-"]
["Restaurante ou Lanchonete","-",null,"-"]
["Transformação artesanal","-",null,"-"]
["Turismo rural ou ecoturismo","-",null,"-"]
["Outras atividades econômicas rurais","-",null,"-"]
["Agroindústria","-",null,"-"]
["Proprietário sem instrução ou com instrução incompleta",4,null,{"v":1.9801980198019802,"d":"2.0"}]
["Proprietário com antigo primário completo",67,null,{"v":33.16831683168317,"d":"33.2"}]
["Proprietário com 1° grau (ou antigo ginasial) completo",25,null,{"v":12.376237623762375,"d":"12.4"}]
["Proprietário com 2° grau (ou antigo colegial) completo",38,null,{"v":18.81188118811881,"d":"18.8"}]
["Proprietário com curso superior completo ",33,null,{"v":16.336633663366335,"d":"16.3"}]
["Pessoa Jurídica",35,null,{"v":17.326732673267326,"d":"17.3"}]
["Proprietário residente na própria UPA ",30,null,{"v":14.851485148514852,"d":"14.9"}]
["Fonte: Secretaria de Agricultura e Abastecimento, CDRS/IEA, Projeto LUPA."]
[]
["TABELA 382.5 - Área Cultivada, Município de Orindiúva, Estado de São Paulo, 2007/08."]
["CULTURA","N.DE UPAs","MÍNIMO","MÉDIO","MÁXIMO","TOTAL"]
["Cana-de-acucar",163,0.2,{"v":96.31,"d":"96.3"},{"v":1915.9,"d":"1,915.9"},{"v":15698.5,"d":"15,698.5"}]
["Braquiaria",113,0.1,{"v":21.08,"d":"21.1"},167.7,{"v":2381.5,"d":"2,381.5"}]
["Milho",56,{"v":1,"d":"1.0"},{"v":10.05,"d":"10.1"},45.9,562.8]
["Laranja",8,{"v":1,"d":"1.0"},{"v":39.25,"d":"39.3"},263.4,{"v":314,"d":"314.0"}]
["Soja",11,{"v":5,"d":"5.0"},{"v":25.45,"d":"25.5"},75.7,279.9]
["Seringueira",7,{"v":6,"d":"6.0"},{"v":15.53,"d":"15.5"},{"v":34,"d":"34.0"},108.7]
["Sorgo",2,{"v":15,"d":"15.0"},20.8,26.6,41.6]
["Feijao",1,38.7,38.7,38.7,38.7]
["Tomate envarado",11,{"v":1,"d":"1.0"},2.2,7.2,24.2]
["Milho-silagem",2,2.4,3.6,4.8,7.2]
["Manga",1,3.5,3.5,3.5,3.5]
["Coloniao",1,2.4,2.4,2.4,2.4]
["Pomar domestico",10,0.1,{"v":0.12,"d":"0.1"},0.3,1.2]
["Pepino",1,{"v":1,"d":"1.0"},{"v":1,"d":"1.0"},{"v":1,"d":"1.0"},{"v":1,"d":"1.0"}]
["Limao",1,{"v":1,"d":"1.0"},{"v":1,"d":"1.0"},{"v":1,"d":"1.0"},{"v":1,"d":"1.0"}]
["Banana",1,0.5,0.5,0.5,0.5]
["Eucalipto",2,0.1,{"v":0.15,"d":"0.2"},0.2,0.3]
["Capim-napier (ou capim-elefante)",2,0.1,{"v":0.15,"d":"0.2"},0.2,0.3]
["Viveiro de seringueira",1,0.2,0.2,0.2,0.2]
["Alface",1,0.1,0.1,0.1,0.1]
["Fonte: Secretaria de Agricultura e Abastecimento, CDRS/IEA, Projeto LUPA."]